000 00894nam a2200229 a 4500
001 000035824
005 20200930074636.0
008 111115s1995 it 000 0 ita d
040 _aDO-SdBNP
_bspa
_cBNPHU
082 _axxxx
_bB444s
100 1 _aBellini, Giuseppe
_913859
245 1 0 _aSaggi e ricerche sulle culture extraeuropee :
_batti del convegno di amalfi 30 settembre - 1 ottobre 1994 /
_cG. Bellini, C. Gorlier, S. Zoppi.
260 _aRoma :
_bBulzoni,
_c1995.
300 _a252 p. ;
_c24 cm.
490 1 _aAfrica - América - Asia - Australia
_v18
500 _aIncluye referencias bibliográficas y notas al pie de las páginas.
590 _aPerteneció a la biblioteca personal de Juan Isidro Jimenes Grullón
590 _aInventariado, 2019 /LP.
700 1 _aGorlier, C.
_961786
700 1 _aZoppi, S.
_961787
830 0 _aAfrica - América - Asia - Australia
_v18
_961788
999 _c35315
_d35315